Live Action Batman Villains - Statistics

General Stats
  • This quiz has been taken 15 times
  • The average score is 12 of 16
Answer Stats
Appearence Villain % Correct
The Dark Knight RisesBatman & Robin Bane
100%
Batman ReturnsThe Dark Knight Rises The Batman
Catwoman
Catwoman
100%
BatmanThe Dark Knight The Batman Suicide Squad Zack Snyder's Justice League Joker Joker: Folie à Deux The Joker
100%
The BatmanBatman Forever The Riddler
100%
Batman Begins Ra's al Ghul
92%
Batman BeginsThe Dark Knight The Dark Knight Rises Scarecrow
92%
The BatmanBatman Returns The Penguin
92%
Suicide SquadBirds of Prey Joker: Folie à Deux
The Suicide Squad
Harley Quinn
83%
Batman & Robin Mr. Freeze
83%
Batman & Robin Poison Ivy
83%
The Dark KnightBatman Forever Two-Face
83%
Birds of Prey Black Mask
75%
Suicide Squad Deadshot
42%
Suicide Squad Killer Croc
42%
The Batman Carmine Falcone
25%
Justice LeagueZack Snyder's Justice League Deathstroke
25%
No matching quizzes found
Score Distribution
Percent of People with Each Score
Percentile by Number Answered
Your Score History
You have not taken this quiz